|
|
|
|
| LEADER |
00000cam a2200000 7i4500 |
| 001 |
0000003789 |
| 005 |
20110621.0 |
| 020 |
0 |
0 |
|a 9833391265
|
| 090 |
0 |
0 |
|a 577.3
|b MASH 2006
|
| 245 |
1 |
0 |
|a Ecological survey on natural forests :
|b a case study of Teluk Bahang and Bukit Panchur
|c edited by Mashhor Mansor & Mohd. Yunus Zakaria
|
| 260 |
0 |
0 |
|a Pulau Pinang :
|b Penerbit USM ,
|c 2006.
|
| 300 |
|
|
|a xi, 136 p.. :
|b ill. ;
|c 24cm.
|
| 650 |
0 |
0 |
|a Ecological surveys---Pulau Pinang---Teluk Bahang.
|
| 650 |
0 |
0 |
|a Forest reserves---Pulau Pinang---Bukit Panchor
|
| 700 |
0 |
1 |
|a Mashhor Mansor, 1950-
|
| 700 |
0 |
1 |
|a Mohd. Yunus Zakaria
|
| 998 |
|
|
|a JPSM
|
| 999 |
|
|
|a 007641
|b Monograph
|c Open Shelf
|e Default branch
|